| 000 | 00511nam a2200181Ia 4500 | ||
|---|---|---|---|
| 005 | 20241219013642.0 | ||
| 008 | 240331s9999 xx 000 0 und d | ||
| 020 | _a0195640012 | ||
| 082 |
_bSEN _22726 _a305 |
||
| 245 | 0 |
_aIdentity, Consciousness and the Past _bForging of Caste and Community in India and Sri Lanka |
|
| 260 |
_aDelhi _bOxford University Press _c1997 |
||
| 300 | _aviii, 207 p., | ||
| 650 | _aIdentity | ||
| 650 | _aCaste | ||
| 650 | _aHistory | ||
| 700 |
_aSeneviratne, H L _eedt |
||
| 942 | _cL | ||
| 999 |
_c1491 _d1491 |
||